000 00883nam a22002537a 4500
005 20100925105050.0
008 081119t xxu||||| |||| 00| 0 ur d
010 _aUR-7695
020 _c170.00
035 _aU-6250
040 _aDPL
_bUR
082 _a841
100 _911327
_a نرمل سنگھ نرمل
245 _aبے برگ شاخ /
_cنرمل سنگھ نرمل
246 _aBe Barg Shak /
_bby Nirmal Singh Nirmal
260 _c2007
_aنئ دلّی
_bآہلوالیہ بک ڈپو
270 _a9988, New Rohtak Road
_bNew Delhi
_e110005
_k28715142
300 _a184 ص
_c22 س م (Hb)
650 _aتاریخ
_911328
650 _aIndian history
_911329
700 _911462
942 _2ddc
_cUR
_h841
_mن ر م
999 _c41453
_d41453